<?xml version="1.0" encoding="UTF-8"?>
<collection xmlns="http://www.loc.gov/MARC21/slim">
  <record>
    <leader>00000nam  2200000   4500</leader>
    <controlfield tag="001">INLIS000000000013177</controlfield>
    <controlfield tag="005">20220705025438</controlfield>
    <datafield tag="035" ind1="#" ind2="#">
      <subfield code="a">0010-0722000015</subfield>
    </datafield>
    <datafield tag="245" ind1="1" ind2="#">
      <subfield code="a">SIPUBER (Sistem Informasi Penunjang Pengambilan Keputusan Berbasis Data Elektronik) di Dinas Pendidikan dan Kebudayaan Provinsi Kalimantan Timur /</subfield>
      <subfield code="c">Anwar Sanusi S.Pd., M.Pd.</subfield>
    </datafield>
    <datafield tag="100" ind1="1" ind2="#">
      <subfield code="a">SANUSI, Anwar</subfield>
    </datafield>
    <datafield tag="250" ind1="#" ind2="#">
      <subfield code="a">1</subfield>
    </datafield>
    <datafield tag="300" ind1="#" ind2="#">
      <subfield code="a">xii,58 halaman; lampiran :</subfield>
      <subfield code="b">ilustrasi ;</subfield>
      <subfield code="c">30 cm</subfield>
    </datafield>
    <datafield tag="260" ind1="#" ind2="#">
      <subfield code="a">Samarinda :</subfield>
      <subfield code="b">Puslatbang KDOD,</subfield>
      <subfield code="c">2020</subfield>
    </datafield>
    <datafield tag="084" ind1="#" ind2="#">
      <subfield code="a">PKN 273 2020</subfield>
    </datafield>
    <datafield tag="650" ind1="#" ind2="4">
      <subfield code="a">Proyek Perubahan</subfield>
    </datafield>
    <datafield tag="650" ind1="#" ind2="4">
      <subfield code="a">Kepemimpinan Nasional Tingkat II</subfield>
    </datafield>
    <datafield tag="650" ind1="#" ind2="4">
      <subfield code="a">sistem informasi</subfield>
    </datafield>
    <datafield tag="650" ind1="#" ind2="4">
      <subfield code="a">teknologi informasi</subfield>
    </datafield>
    <datafield tag="650" ind1="#" ind2="4">
      <subfield code="a">inovasi pemerintah</subfield>
    </datafield>
    <datafield tag="650" ind1="#" ind2="4">
      <subfield code="a">manajemen database</subfield>
    </datafield>
    <datafield tag="650" ind1="#" ind2="4">
      <subfield code="a">layanan informasi</subfield>
    </datafield>
    <datafield tag="650" ind1="#" ind2="4">
      <subfield code="a">data digital</subfield>
    </datafield>
    <datafield tag="520" ind1="#" ind2="#">
      <subfield code="a">Laporan proyek perubahan ini diangkat dari permasalahan sulitnya mencari data informasi yang telah terverifikasi dengan benar dan belum adanya system yang menjebatani  pelayanan data dan informasi yang cepat dan tepat lengkap dan akurat. Proyek Perubahan Sistem Informasi Penunjang Pengambilan Keputusan Berbasis Data Elektronik (SIPUBER) merupakan system aplikasi penyedian informasi data dari masing-masing bidang teknis di Dinas Pendidikan dan Kebudayaan Provinsi Kalimantan Timur yang dapat dikases dengan mudah, cepat, akurat, akuntabel, valid, actual dan terukur sehingga dapat menjadi salah satu acuan dalam pengambilan keputusan sekaligus memberikan kebermanfaatan bagi masyarakat, sekolah dan pemerintah daerah mapun pusat.</subfield>
    </datafield>
    <datafield tag="500" ind1="#" ind2="#">
      <subfield code="a">Coach : Dr. Ir. Suseno, M.M &#13;
Penguji : Tri Atmojo sejati, S.T., S.H., M.Si.&#13;
Mentor : Drs. H. Moh. Jauhar Efendi, M.si</subfield>
    </datafield>
    <controlfield tag="008">220705################|##########|#|##</controlfield>
    <datafield tag="990" ind1="#" ind2="#">
      <subfield code="a">PKN/272/2020</subfield>
    </datafield>
  </record>
</collection>
